000 01789nam a22002537a 4500
003 CO-CtgCURN
005 20250422165905.0
008 250422b |||||||| |||| 00| 0 eng d
020 _a9789589076248
040 _aCO-CtgCURN
_bspa
_ccoctgcurn
082 _a610.9
_bR5741h
100 _aRojas M, William
245 _aHistoria de la medicina :
_bIntroducción a su estudio
_cWilliam Rojas M.
250 _aPrimera edición
260 _aMedellín :
_b2008
_cCIB (Corporación para Investigaciones Biológicas)
300 _a142 páginas,
_bFotografías e ilustraciones a blanco y negro ;
_c21x14 cm.
500 _aIncluye: Lecturas recomendadas e índice de personajes y materias al final del libro
505 _aConceptos básicos.-- Evolución del pensamiento científico médico.-- La medicina en las diferentes culturas y épocas.-- Personajes que gestaron el desarrollo de la medicina.-- Médicos latinoamericanos más famosos.-- Aspectos académicos.-- Los hitos históricos más importantes de cada especialidad.-- Historia de la enfermedad.-- Inventos más importantes.-- Los libros importantes en Medicina.
520 _aEste libro pretende dar en pocas páginas la información básica que les permite a quienes se inician en la bella y útil profesión de la Medicina, formarse una idea del origen y de la evolución de la ciencia y del arte de curar. Contiene ocho unidades que presentan los aspectos más relevantes del desarrollo de la Medicina de forma integral y breve.<br/>Fuente: CIB. Disponible en: http://www.fondoeditorialcib.com/producto/historia-de-la-medicina-3a-ed-2017/
650 _aMedicina
_xHistoria
650 _aMedicina
_xPensamiento científico
650 _aMedicina
_xEvolución
942 _2ddc
_cBK
_h610.9
_iR5741h
_n0
999 _c30912
_d30912